000 00936nam0a22002891 4500
001 rc\4775186
005 20250613081524.0
021 _aRU
_b[67-85911]
035 _a(NLR Aleph) 009025420
090 _a9455029
_c9455029
100 _a20130417d1967 |||y0rusy50 ca
101 0 _arus
102 _aRU
105 _aa z |||||
200 1 _aШумы и звукоизоляция
210 _aМосква
_cСтройиздат
_d1967
215 _a104 с.
_cил.
_d21
320 _aБиблиогр.: с. 103 (27 назв.)
606 _aШум и борьба с ним
_2psbo
606 _aЗвукоизоляция
_2psbo
700 1 _7ca
_8rus
_aОсипов
_bГ. Л.
_cд-р техн. наук, акустика
_f1929-2008
_gГеоргий Львович
_9214642
_3RU\NLR\AUTH\770214698
801 0 _aRU
_bNLR
_gpsbo
801 1 _aRU
_bELAR
_2rusmarc
852 _aNLR
_j67-5/5010
942 _cBOOK
980 _aNB